[Event "Saratov"]
[Site "Saratov"]
[Date "2010.06.15"]
[Round "6"]
[White "Alimov, Ravil"]
[Black "Braun, Elina"]
[Result "1-0"]
[WhiteElo "1849"]
[BlackElo "1915"]
[PlyCount "59"]
[EventDate "2010.06.12"]
[EventType "tourn"]
[EventRounds "13"]
[EventCountry "RUS"]
[SourceTitle "CBM 137 Extra"]
[Source "ChessBase"]
[SourceDate "2010.09.01"]
[SourceVersion "1"]
[SourceVersionDate "2010.09.01"]
[SourceQuality "1"]

1. e4 c5 2. Nf3 Nc6 3. d4 cxd4 4. Nxd4 Nf6 5. Nc3 d6 6. Be2 e6 7. Be3 Be7 8. 0-0 0-0 9. f4 Bd7 10. Kh1 Nxd4 11. Bxd4 Bc6 12. Bd3 Nd7 13. Qg4 e5 14. fxe5 Nxe5 15. Qg3 Bf6 16. Ne2 g6 17. Bc3 Bg7 18. Rf2 Qe7 19. Nf4 Nxd3 20. cxd3 Bxc3 21. bxc3 Qe5 22. Ne2 Rad8 23. Rf4 Qb5 24. Raf1 Qb2 25. Qf3 Qxa2 26. c4 Rd7 27. Nd4 Qa5 28. Ne6 Re8 29. Rxf7 Qe5 30. Rf8+ 1-0

[Event "Saratov-ch"]
[Site "Saratov"]
[Date "2010.03.05"]
[Round "9"]
[White "Fedorov, Oleg An"]
[Black "Braun, Elina"]
[Result "1-0"]
[WhiteElo "2056"]
[BlackElo "1878"]
[PlyCount "85"]
[EventDate "2010.02.24"]
[EventType "swiss"]
[EventRounds "9"]
[EventCountry "RUS"]
[SourceTitle "EXT 2012"]
[Source "ChessBase"]
[SourceDate "2011.11.24"]
[SourceVersion "1"]
[SourceVersionDate "2011.11.24"]
[SourceQuality "1"]

1. Nf3 Nf6 2. d4 g6 3. Bg5 Bg7 4. e3 d6 5. Be2 0-0 6. 0-0 Nbd7 7. c4 a6 8. Nc3 c6 9. Qc2 b5 10. d5 cxd5 11. cxb5 axb5 12. Bxb5 Ba6 13. Nd4 Nb6 14. Rfd1 Bxb5 15. Ndxb5 Qd7 16. a4 Rfc8 17. Qb3 Nc4 18. Bxf6 Bxf6 19. Rxd5 Qb7 20. Rd3 Rc5 21. Re1 Rg5 22. e4 Rc8 23. Re2 Ne5 24. Rg3 Rxg3 25. hxg3 Nc4 26. Qc2 Nxb2 27. e5 Bxe5 28. Rxe5 dxe5 29. Qxb2 e4 30. Qe2 f5 31. g4 Qb6 32. gxf5 gxf5 33. Qa2+ Kh8 34. Qd5 Qf6 35. Qd2 Rg8 36. Nd5 Qg7 37. g3 e6 38. Nf4 e5 39. Ne6 Qf6 40. Qd7 f4 41. Nd6 h5 42. Nf7+ Kh7 43. Nfg5+ 1-0

[Event "Saratov-ch"]
[Site "Saratov"]
[Date "2010.02.26"]
[Round "3"]
[White "Dvoryadkin, Maksim"]
[Black "Braun, Elina"]
[Result "1-0"]
[WhiteElo "1832"]
[BlackElo "1878"]
[PlyCount "107"]
[EventDate "2010.02.24"]
[EventType "swiss"]
[EventRounds "9"]
[EventCountry "RUS"]
[SourceTitle "EXT 2012"]
[Source "ChessBase"]
[SourceDate "2011.11.24"]
[SourceVersion "1"]
[SourceVersionDate "2011.11.24"]
[SourceQuality "1"]

1. d4 Nf6 2. c4 g6 3. Nc3 Bg7 4. e4 d6 5. f3 0-0 6. Bg5 a6 7. Qd2 Re8 8. Be2 Nbd7 9. Nh3 e5 10. d5 Nf8 11. Nf2 Qd7 12. g4 Rb8 13. a4 c5 14. h4 Qc7 15. h5 Bd7 16. Bh6 Bxh6 17. Qxh6 b5 18. axb5 axb5 19. cxb5 c4 20. Qg5 h6 21. Qxh6 Bxb5 22. hxg6 fxg6 23. Qg5 N6h7 24. Qd2 Bd7 25. Kf1 Rb6 26. Kg2 Reb8 27. Nfd1 g5 28. Qe3 Ng6 29. Kg3 Nh4 30. Ra3 Kg7 31. Ra5 Kf6 32. Kf2 Nf8 33. Rxh4 gxh4 34. Qh6+ Kf7 35. Qh5+ Kg7 36. Qxh4 Ng6 37. Qg5 Rxb2 38. Ra1 R2b3 39. Ne3 Rxc3 40. Nf5+ Bxf5 41. gxf5 Qf7 42. fxg6 Qd7 43. Rh1 Rh8 44. Rxh8 Kxh8 45. Qf6+ Qg7 46. Qxd6 Rc1 47. Qb8+ Qg8 48. Qxe5+ Qg7 49. Qb8+ Qg8 50. Qb2+ c3 51. Qxc1 Qxg6 52. Qxc3+ Kh7 53. Qc7+ Kh8 54. Qh2+ 1-0

[Event "Saratov RSOCF 02"]
[Site "Saratov"]
[Date "2010.02.14"]
[Round "1"]
[White "Alimov, Ravil"]
[Black "Braun, Elina"]
[Result "0-1"]
[WhiteElo "1854"]
[BlackElo "1878"]
[PlyCount "62"]
[EventDate "2010.02.14"]
[EventType "tourn"]
[EventRounds "7"]
[EventCountry "RUS"]
[SourceTitle "EXT 2012"]
[Source "ChessBase"]
[SourceDate "2011.11.24"]
[SourceVersion "1"]
[SourceVersionDate "2011.11.24"]
[SourceQuality "1"]

1. e4 c5 2. Nf3 Nc6 3. g3 g6 4. Bg2 Bg7 5. d3 d6 6. Nc3 Nf6 7. Be3 0-0 8. Qd2 Re8 9. 0-0 Bd7 10. Bh6 Bh8 11. Nh4 Rb8 12. f4 e6 13. h3 b5 14. f5 b4 15. Ne2 exf5 16. exf5 Nh5 17. c3 Rxe2 18. Qxe2 Nxg3 19. Qg4 Nxf1 20. Rxf1 Ne5 21. Qg3 Bf6 22. fxg6 hxg6 23. Nf3 Nxf3+ 24. Qxf3 Bf5 25. Bd2 bxc3 26. Bxc3 Bxc3 27. bxc3 Rb2 28. Qd5 Be6 29. Qe4 Rxa2 30. Rb1 Qf6 31. Qe1 Qg5 0-1

[Event "Saratov RSOCF Cup"]
[Site "Saratov"]
[Date "2010.01.19"]
[Round "1"]
[White "Rodin, Mihail"]
[Black "Braun, Elina"]
[Result "1-0"]
[WhiteElo "2343"]
[BlackElo "1878"]
[PlyCount "85"]
[EventDate "2010.01.19"]
[EventType "swiss"]
[EventRounds "9"]
[EventCountry "RUS"]
[SourceTitle "CBM 134 Extra"]
[Source "ChessBase"]
[SourceDate "2010.03.03"]
[SourceVersion "1"]
[SourceVersionDate "2010.03.03"]
[SourceQuality "1"]

1. e4 c5 2. Nf3 Nc6 3. d4 cxd4 4. Nxd4 Nf6 5. Nc3 d6 6. Bg5 Bd7 7. Qd2 Rc8 8. Nxc6 Bxc6 9. f3 a6 10. 0-0-0 b5 11. Kb1 e5 12. a4 Qa5 13. axb5 Bxb5 14. Nxb5 Qxd2 15. Bxd2 axb5 16. Bxb5+ Ke7 17. Bb4 Ke6 18. Ba4 Ne8 19. Rd3 Be7 20. Rhd1 Rd8 21. Ra3 Nc7 22. Rc3 Na6 23. Bb3+ Kf6 24. Bxd6 Rxd6 25. Rxd6+ Bxd6 26. Rc6 Ke7 27. Rxa6 Bc7 28. Ra7 Rc8 29. Bc4 Kd6 30. Bxf7 Bb6 31. Rb7 Bc7 32. Bd5 h5 33. b4 Rb8 34. c4 Rxb7 35. c5+ Kd7 36. Bxb7 Bd8 37. Kc2 Bg5 38. Kd3 Kc7 39. Bd5 h4 40. b5 Be7 41. b6+ Kc8 42. c6 Bc5 43. Be6+ 1-0

[Event "Saratov RCT"]
[Site "Saratov"]
[Date "2009.10.12"]
[Round "7"]
[White "Braun, Elina"]
[Black "Eramian, Gamlet"]
[Result "0-1"]
[WhiteElo "1885"]
[BlackElo "1969"]
[PlyCount "92"]
[EventDate "2009.10.05"]
[EventType "tourn"]
[EventRounds "13"]
[EventCountry "RUS"]
[SourceTitle "EXT 2012"]
[Source "ChessBase"]
[SourceDate "2011.11.24"]
[SourceVersion "1"]
[SourceVersionDate "2011.11.24"]
[SourceQuality "1"]

1. e4 c5 2. Nf3 g6 3. d4 cxd4 4. Nxd4 Bg7 5. Nc3 Nc6 6. Be3 d6 7. Qd2 Nf6 8. Nxc6 bxc6 9. Bh6 0-0 10. Bxg7 Kxg7 11. 0-0-0 Qa5 12. f3 Be6 13. a3 Rab8 14. Ne2 Qxd2+ 15. Rxd2 Rb6 16. Nf4 Bd7 17. Bc4 Rfb8 18. c3 Bc8 19. Re1 Nd7 20. Nd3 e6 21. b4 a5 22. Rb2 axb4 23. axb4 d5 24. exd5 cxd5 25. Ba2 Ba6 26. Kd2 Bxd3 27. Kxd3 Nc5+ 28. Kd4 Nb7 29. Reb1 Nd6 30. c4 Nf5+ 31. Kd3 dxc4+ 32. Bxc4 Rd6+ 33. Ke2 Rc8 34. Bd3 Nd4+ 35. Ke3 Rc3 36. Rd2 e5 37. b5 Nb3 38. Rxb3 Rxb3 39. Ke2 Rb4 40. Kd1 Rbd4 41. Kc2 f5 42. Rd1 R4d5 43. Be2 Rc5+ 44. Kb3 Rxb5+ 45. Kc4 Rxd1 46. Bxd1 Rb2 0-1

[Event "Saratov RCT"]
[Site "Saratov"]
[Date "2009.10.09"]
[Round "5"]
[White "Borisovsky, Viktor"]
[Black "Braun, Elina"]
[Result "1/2-1/2"]
[WhiteElo "2060"]
[BlackElo "1885"]
[PlyCount "115"]
[EventDate "2009.10.05"]
[EventType "tourn"]
[EventRounds "13"]
[EventCountry "RUS"]
[SourceTitle "EXT 2012"]
[Source "ChessBase"]
[SourceDate "2011.11.24"]
[SourceVersion "1"]
[SourceVersionDate "2011.11.24"]
[SourceQuality "1"]

1. c4 c5 2. Nc3 Nc6 3. g3 Nf6 4. Bg2 g6 5. d3 Bg7 6. e4 d6 7. Nge2 0-0 8. 0-0 Bd7 9. f4 Rb8 10. h3 a6 11. g4 b5 12. cxb5 axb5 13. Ng3 Nd4 14. Be3 Ne8 15. f5 b4 16. Nce2 Nxe2+ 17. Qxe2 Bc6 18. Rfd1 Qa5 19. d4 cxd4 20. Bxd4 Bxd4+ 21. Rxd4 Qe5 22. Qf2 Nf6 23. Rc1 Ba8 24. b3 Rb5 25. Rcc4 Rfb8 26. Ne2 d5 27. exd5 Bxd5 28. Bxd5 Nxd5 29. Nc1 Qf6 30. fxg6 Qxf2+ 31. Kxf2 hxg6 32. Nd3 f6 33. Nc5 Nc3 34. a4 e5 35. Rd3 Rxc5 36. Rdxc3 bxc3 37. Rxc5 Rxb3 38. a5 Ra3 39. g5 f5 40. Rxe5 c2 41. Rc5 Rxh3 42. Kg2 Ra3 43. Rxc2 Rxa5 44. Kf3 Re5 45. Rc6 Kf7 46. Rf6+ Kg7 47. Rb6 Re4 48. Rb7+ Kf8 49. Rb6 Kf7 50. Rb7+ Re7 51. Rb6 Re6 52. Rb7+ Kf8 53. Ra7 Rd6 54. Rb7 Rd3+ 55. Kf4 Rd6 56. Ke5 Ra6 57. Rc7 Ke8 58. Rb7 1/2-1/2

[Event "Saratov RCT"]
[Site "Saratov"]
[Date "2009.10.08"]
[Round "4"]
[White "Braun, Elina"]
[Black "Brekhov, Denis"]
[Result "1/2-1/2"]
[WhiteElo "1885"]
[BlackElo "1996"]
[PlyCount "70"]
[EventDate "2009.10.05"]
[EventType "tourn"]
[EventRounds "13"]
[EventCountry "RUS"]
[SourceTitle "EXT 2012"]
[Source "ChessBase"]
[SourceDate "2011.11.24"]
[SourceVersion "1"]
[SourceVersionDate "2011.11.24"]
[SourceQuality "1"]

1. e4 c5 2. Nf3 d6 3. d4 cxd4 4. Nxd4 Nf6 5. Nc3 g6 6. h3 Bg7 7. Bc4 0-0 8. Bb3 Nc6 9. 0-0 Bd7 10. Re1 Rc8 11. Bg5 a6 12. Nxc6 Bxc6 13. Qd2 Re8 14. Nd5 Nxd5 15. exd5 Bb5 16. c3 Bc4 17. Re4 Bxb3 18. axb3 Be5 19. Rae1 Qd7 20. f4 Bf6 21. Bxf6 exf6 22. Qe3 Rxe4 23. Qxe4 Kf8 24. b4 b5 25. Qd4 Kg7 26. b3 Re8 27. Ra1 Qf5 28. Rxa6 Qb1+ 29. Kh2 Re1 30. Rxd6 Rh1+ 31. Kg3 Qe1+ 32. Qf2 Qxc3+ 33. Qf3 Qe1+ 34. Qf2 Qc3+ 35. Qf3 Qe1+ 1/2-1/2

[Event "Astrakhan op"]
[Site "Astrakhan"]
[Date "2009.08.21"]
[Round "4"]
[White "Goryainov, Mikhail"]
[Black "Braun, Elina"]
[Result "1-0"]
[WhiteElo "1971"]
[BlackElo "1885"]
[PlyCount "61"]
[EventDate "2009.08.21"]
[EventType "swiss"]
[EventRounds "9"]
[EventCountry "RUS"]
[SourceTitle "EXT 2022"]
[Source "ChessBase"]
[SourceDate "2021.10.06"]
[SourceVersion "1"]
[SourceVersionDate "2021.10.06"]
[SourceQuality "1"]

1. e4 c5 2. Nf3 Nc6 3. d4 cxd4 4. Nxd4 Nf6 5. Nc3 d6 6. Be2 e6 7. Be3 Be7 8. 0-0 0-0 9. f4 Bd7 10. Kh1 Nxd4 11. Bxd4 Bc6 12. Qd3 a6 13. Rad1 Qc7 14. Qg3 Rfd8 15. Qe3 Rd7 16. Qg3 b5 17. Bd3 b4 18. Ne2 g6 19. Qf3 e5 20. fxe5 dxe5 21. Be3 Bd8 22. Ng3 Kg7 23. b3 Ne8 24. Qg4 f6 25. Nf5+ Kh8 26. Nh6 Nd6 27. Qe6 Be7 28. Bc5 Rf8 29. Bxb4 Nxe4 30. Bxe4 Rxd1 31. Rxd1 1-0

[Event "RUS-chB U16 Girls"]
[Site "Dagomys"]
[Date "2009.04.23"]
[Round "9"]
[White "Maidanova, Irina"]
[Black "Braun, Elina"]
[Result "0-1"]
[WhiteElo "1932"]
[BlackElo "1878"]
[PlyCount "118"]
[EventDate "2009.04.15"]
[EventType "swiss"]
[EventRounds "9"]
[EventCountry "RUS"]
[SourceTitle "EXT 2010"]
[Source "ChessBase"]
[SourceDate "2010.11.25"]
[SourceVersion "1"]
[SourceVersionDate "2010.11.25"]
[SourceQuality "1"]

1. e4 c5 2. Nf3 Nc6 3. d4 cxd4 4. Nxd4 Nf6 5. Nc3 d6 6. Bg5 Bd7 7. Qd2 Rc8 8. 0-0-0 Nxd4 9. Qxd4 Qa5 10. h4 a6 11. Kb1 Qc5 12. Qxc5 Rxc5 13. Be3 Rc8 14. Be2 Ng4 15. Bxg4 Bxg4 16. Rd2 h5 17. f3 Be6 18. Ne2 g6 19. Nd4 Bd7 20. Re1 Bg7 21. f4 Bg4 22. Nb3 0-0 23. Bd4 Rfd8 24. Bb6 Re8 25. Na5 Rb8 26. Rd3 Bd7 27. Rg3 Bc6 28. Nb3 Kh7 29. Nd2 Rbc8 30. e5 dxe5 31. fxe5 Bd5 32. Ne4 Bxe4 33. Rxe4 Rc6 34. Bd4 Rd8 35. Rd3 f6 36. exf6 exf6 37. c3 Rd7 38. Rde3 Rf7 39. Re6 Rxe6 40. Rxe6 g5 41. Re1 g4 42. Kc2 f5 43. Kd3 f4 44. Bxg7 Kxg7 45. Rf1 Rd7+ 46. Ke2 Rf7 47. Kd3 Kg6 48. b4 Kf5 49. c4 Rd7+ 50. Kc3 g3 51. b5 axb5 52. cxb5 Kg4 53. a4 Re7 54. Kd3 Re3+ 55. Kc4 Re2 56. a5 Rxg2 57. a6 bxa6 58. bxa6 Ra2 59. Kb5 g2 0-1

[Event "RUS-chB U16 Girls"]
[Site "Dagomys"]
[Date "2009.04.20"]
[Round "6"]
[White "Marder, Elena"]
[Black "Braun, Elina"]
[Result "1-0"]
[WhiteElo "1799"]
[BlackElo "1878"]
[PlyCount "69"]
[EventDate "2009.04.15"]
[EventType "swiss"]
[EventRounds "9"]
[EventCountry "RUS"]
[SourceTitle "EXT 2010"]
[Source "ChessBase"]
[SourceDate "2010.11.25"]
[SourceVersion "1"]
[SourceVersionDate "2010.11.25"]
[SourceQuality "1"]

1. e4 c5 2. Nf3 Nc6 3. Bb5 g6 4. Bxc6 dxc6 5. d3 Bg7 6. Nc3 Nf6 7. h3 0-0 8. Be3 b6 9. Qd2 a5 10. 0-0 a4 11. a3 Nd7 12. Bh6 e5 13. Nd1 Qe7 14. Bxg7 Kxg7 15. Ne3 b5 16. Ng4 f6 17. c3 Nb6 18. Nfh2 c4 19. d4 Bxg4 20. Nxg4 Rad8 21. Rfe1 Kh8 22. f4 Nd7 23. Rad1 h5 24. Nh2 Nc5 25. fxe5 Nd3 26. exf6 Rxf6 27. Re2 Kg7 28. Rf1 Re6 29. Qe3 Re8 30. e5 Qd7 31. Nf3 c5 32. Qe4 Rd8 33. Ng5 Re7 34. Rf6 cxd4 35. Qxg6+ 1-0

[Event "RUS-chB U16 Girls"]
[Site "Dagomys"]
[Date "2009.04.19"]
[Round "5"]
[White "Braun, Elina"]
[Black "Sukhanova, Yana"]
[Result "1/2-1/2"]
[WhiteElo "1878"]
[BlackElo "1706"]
[PlyCount "84"]
[EventDate "2009.04.15"]
[EventType "swiss"]
[EventRounds "9"]
[EventCountry "RUS"]
[SourceTitle "EXT 2010"]
[Source "ChessBase"]
[SourceDate "2010.11.25"]
[SourceVersion "1"]
[SourceVersionDate "2010.11.25"]
[SourceQuality "1"]

1. e4 c6 2. d4 d5 3. Nc3 dxe4 4. Nxe4 Nd7 5. Qe2 e6 6. Nf3 Ngf6 7. Neg5 h6 8. Nh3 c5 9. Be3 Nd5 10. 0-0-0 b6 11. Rg1 Bb7 12. g4 Nxe3 13. Qxe3 Qf6 14. d5 0-0-0 15. dxe6 Bxf3 16. exd7+ Rxd7 17. Ba6+ Kc7 18. Rxd7+ Kxd7 19. Bb5+ Kc7 20. Rg3 Bb7 21. f4 Bd6 22. Rg1 a6 23. Be2 Qd8 24. Bf3 Re8 25. Qf2 Bxf3 26. Qxf3 Qe7 27. Nf2 Qe6 28. a3 Qf6 29. f5 Qg5+ 30. Kb1 Bxh2 31. Rd1 Qe7 32. Nd3 Qe4 33. Qh3 Bd6 34. Re1 Qc6 35. Rxe8 Qxe8 36. Qf3 Qc6 37. Qe2 Qh1+ 38. Ka2 Qd5+ 39. Kb1 Kc8 40. b3 Qh1+ 41. Kb2 Qh2 42. Qd1 g6 1/2-1/2

[Event "Moscow op (Women)"]
[Site "Moscow"]
[Date "2009.02.06"]
[Round "7"]
[White "Braun, Elina"]
[Black "Bylinkina, Anna"]
[Result "0-1"]
[WhiteElo "1880"]
[BlackElo "1400"]
[PlyCount "96"]
[EventDate "2009.01.31"]
[EventType "swiss"]
[EventRounds "9"]
[EventCountry "RUS"]
[SourceTitle "EXT 2012"]
[Source "ChessBase"]
[SourceDate "2011.11.24"]
[SourceVersion "1"]
[SourceVersionDate "2011.11.24"]
[SourceQuality "1"]

1. e4 e6 2. d4 d5 3. Nc3 dxe4 4. Nxe4 Nd7 5. Nf3 Ngf6 6. Bd3 Nxe4 7. Bxe4 Nf6 8. Bd3 c5 9. dxc5 Bxc5 10. 0-0 0-0 11. a3 Re8 12. b4 Be7 13. Bb2 b6 14. c4 Bb7 15. Qe2 Nh5 16. Qe3 Bf6 17. Bxf6 Qxf6 18. Rac1 Bxf3 19. Qxf3 Qxf3 20. gxf3 Nf4 21. Rfd1 Nxd3 22. Rxd3 Red8 23. Rdc3 Rac8 24. c5 bxc5 25. bxc5 Rc7 26. Kf1 Kf8 27. Ke2 Ke7 28. Ke3 Rd5 29. Rc4 a5 30. R1c3 Kd7 31. Rd4 Kc6 32. Rdc4 Rb7 33. Ra4 Rb5 34. Rf4 f5 35. a4 Rbxc5 36. Rb3 Kc7 37. h4 Rd6 38. Rb2 Rdc6 39. Rd2 Re5+ 40. Kd3 Rd6+ 41. Kc2 Rc5+ 42. Kd1 Rxd2+ 43. Kxd2 Kc6 44. Kd3 g6 45. Rd4 e5 46. Rc4 Kd5 47. Rc3 Rxc3+ 48. Kxc3 h6 0-1

[Event "Moscow op (Women)"]
[Site "Moscow"]
[Date "2009.01.31"]
[Round "1"]
[White "Braun, Elina"]
[Black "Aketayeva, Dana"]
[Result "0-1"]
[WhiteElo "1880"]
[BlackElo "2283"]
[PlyCount "58"]
[EventDate "2009.01.31"]
[EventType "swiss"]
[EventRounds "9"]
[EventCountry "RUS"]
[SourceTitle "EXT 2012"]
[Source "ChessBase"]
[SourceDate "2011.11.24"]
[SourceVersion "1"]
[SourceVersionDate "2011.11.24"]
[SourceQuality "1"]

1. e4 e6 2. d4 d5 3. Nc3 Bb4 4. e5 Qd7 5. f4 b6 6. g3 Ba6 7. Bh3 Ne7 8. Nge2 c5 9. a3 Bxc3+ 10. bxc3 cxd4 11. cxd4 Nbc6 12. c3 Na5 13. 0-0 g6 14. a4 h5 15. Ba3 Nf5 16. Bxf5 gxf5 17. Bb4 Nc4 18. Kf2 h4 19. Rh1 0-0-0 20. a5 Kb7 21. axb6 axb6 22. Nc1 Nb2 23. Qg1 Qb5 24. Ra2 Nd3+ 25. Nxd3 Qxd3 26. Qe1 Rdg8 27. Rg1 hxg3+ 28. hxg3 Rh2+ 29. Rg2 Qxg3+ 0-1

[Event "Saratov op"]
[Site "Saratov"]
[Date "2008.12.17"]
[Round "5"]
[White "Braun, Elina"]
[Black "Vetryansky, Vladimir"]
[Result "0-1"]
[WhiteElo "1864"]
[BlackElo "2090"]
[PlyCount "114"]
[EventDate "2008.12.13"]
[EventType "swiss"]
[EventRounds "9"]
[EventCountry "RUS"]
[SourceTitle "EXT 2010"]
[Source "ChessBase"]
[SourceDate "2010.11.25"]
[SourceVersion "1"]
[SourceVersionDate "2010.11.25"]
[SourceQuality "1"]

1. e4 c6 2. d4 d5 3. exd5 cxd5 4. c4 Nf6 5. Nc3 Nc6 6. Nf3 e6 7. a3 Be7 8. Bd3 dxc4 9. Bxc4 0-0 10. 0-0 a6 11. b4 Qc7 12. Qb3 Rd8 13. Rd1 b5 14. Be2 Bb7 15. Be3 Nb8 16. Rac1 Qd6 17. Nd2 Nbd7 18. Bf3 Bxf3 19. Nxf3 Nb6 20. Nd2 Rac8 21. Nce4 Qb8 22. Nxf6+ Bxf6 23. Ne4 Be7 24. Nc5 Qa7 25. Bf4 Rd5 26. Qg3 Nc4 27. a4 Rcd8 28. axb5 axb5 29. Bc7 Rc8 30. Bf4 Bf6 31. Ra1 Rxd4 32. Be3 Rxd1+ 33. Rxd1 Qa3 34. Ne4 Be7 35. Bc5 Bxc5 36. bxc5 Qxg3 37. hxg3 h6 38. Rb1 f5 39. Nd6 Nxd6 40. cxd6 Rd8 41. Rxb5 Rxd6 42. Kh2 Kf7 43. Kh3 Ke7 44. Rb4 e5 45. g4 fxg4+ 46. Rxg4 Kf6 47. Rb4 Kf5 48. Kg3 h5 49. f3 Rd2 50. f4 Rd3+ 51. Kh4 Rd4 52. Rb7 Rxf4+ 53. Kxh5 g6+ 54. Kh6 Rg4 55. Rf7+ Ke4 56. Rf2 Kd3 57. Ra2 e4 0-1

[Event "Saratov op"]
[Site "Saratov"]
[Date "2008.12.14"]
[Round "2"]
[White "Brekhov, Denis"]
[Black "Braun, Elina"]
[Result "1/2-1/2"]
[WhiteElo "2015"]
[BlackElo "1864"]
[PlyCount "128"]
[EventDate "2008.12.13"]
[EventType "swiss"]
[EventRounds "9"]
[EventCountry "RUS"]
[SourceTitle "EXT 2010"]
[Source "ChessBase"]
[SourceDate "2010.11.25"]
[SourceVersion "1"]
[SourceVersionDate "2010.11.25"]
[SourceQuality "1"]

1. e4 c5 2. Nf3 Nc6 3. d4 cxd4 4. Nxd4 Nf6 5. Nc3 d6 6. Bg5 Bd7 7. Bxf6 gxf6 8. Bc4 Nxd4 9. Qxd4 Bg7 10. f4 0-0 11. f5 a6 12. 0-0-0 b5 13. Bb3 a5 14. a4 bxa4 15. Nxa4 Rb8 16. Nc3 Rb4 17. Qe3 a4 18. Nd5 Rb7 19. Ba2 e6 20. Nf4 exf5 21. Qg3 Kh8 22. exf5 Bxf5 23. Qa3 Qc7 24. Rd2 Rfb8 25. Qxd6 Qxd6 26. Rxd6 Rxb2 27. Rd8+ Rxd8 28. Kxb2 Rd2 29. Bb1 Bh6 30. Rf1 Be4 31. Kc3 Bxg2 32. Nxg2 Rxg2 33. Kb4 Rg4+ 34. c4 a3 35. Kxa3 Rxc4 36. Rxf6 Kg7 37. Rf3 f6 38. Rg3+ Bg5 39. Kb3 Rf4 40. Kc3 h5 41. h3 Kh6 42. Rd3 Bh4 43. Rd7 Rf3+ 44. Rd3 Rf4 45. Rd7 f5 46. Rf7 Rf3+ 47. Kd4 f4 48. Ke5 Bg3 49. Bf5 Re3+ 50. Kd4 Kg5 51. Be4 Bf2 52. Rf5+ Kh6 53. Ke5 Bg3 54. Kd5 Ra3 55. Ke5 h4 56. Ke6 Ra6+ 57. Kf7 Ra7+ 58. Ke6 Ra4 59. Rf6+ Kg7 60. Rg6+ Kf8 61. Rf6+ Kg8 62. Rg6+ Kf8 63. Rf6+ Kg7 64. Rg6+ Kf8 1/2-1/2

[Event "Saratov Region-ch (Women)"]
[Site "Saratov"]
[Date "2008.11.26"]
[Round "7"]
[White "Braun, Elina"]
[Black "Muslimova, Yana"]
[Result "0-1"]
[WhiteElo "1864"]
[BlackElo "1697"]
[PlyCount "68"]
[EventDate "2008.11.20"]
[EventType "swiss"]
[EventRounds "9"]
[EventCountry "RUS"]
[SourceTitle "EXT 2022"]
[Source "ChessBase"]
[SourceDate "2021.10.06"]
[SourceVersion "1"]
[SourceVersionDate "2021.10.06"]
[SourceQuality "1"]

1. e4 c5 2. Nf3 e6 3. d4 cxd4 4. Nxd4 Nc6 5. Nc3 Qc7 6. Be3 a6 7. Be2 Nf6 8. 0-0 Be7 9. f4 d6 10. a4 0-0 11. Nb3 b6 12. Kh1 Bb7 13. Bf3 Nd7 14. g4 Nc5 15. Qe2 Rfd8 16. f5 Ne5 17. Bg2 d5 18. exd5 exd5 19. Bf4 f6 20. Nd4 Ne4 21. Nxe4 dxe4 22. Ne6 Qd7 23. Nxd8 Rxd8 24. Bxe5 fxe5 25. Bxe4 Bxe4+ 26. Qxe4 Qd2 27. Qxe5 Bd6 28. Rf2 Bxe5 29. Rxd2 Rxd2 30. g5 Rxh2+ 31. Kg1 Rxc2 32. Rd1 Bxb2 33. g6 Rc1 34. Rxc1 Bxc1 0-1